Information Systems in Organizations : Improving Business Processes /

Gespeichert in:
Bibliographische Detailangaben
Hauptverfasser: Maddison, Richard (Verfasst von), Darnton, Geoffrey (Verfasst von)
Format: Buch
Sprache:Englisch
Veröffentlicht: London : Chapman and Hall, 1996
Schlagworte:
Tags: Tag hinzufügen
Keine Tags, Fügen Sie das erste Tag hinzu!

MARC

LEADER 00000nam a22000003a 4500
001 stu46002
005 20150617225715.5
008 971119s1996----uk------------------eng-d
020 |a 0-412-62530-X 
040 |a STU  |b slo 
041 0 |a eng 
044 |a uk 
080 |a 681.518 
100 1 |a Maddison, Richard  |4 aut 
245 1 |a Information Systems in Organizations :  |b Improving Business Processes /  |c [aut.]Richard Maddison, Geoffrey Darnton 
260 |a London :  |b Chapman and Hall,  |c 1996 
300 |a 441 s 
650 7 |a systémy informačné  |2 stusub 
700 1 |a Darnton, Geoffrey  |4 aut 
996 |b 284M054113  |c M*9614-1  |l MMKN  |s A  |a 24  |w stu46002_0001